|
|
|
|
| LEADER |
00689nta a2200205 i 4500 |
| 001 |
dipl97683 |
| 005 |
20220225133852.0 |
| 008 |
220211s1970 hu om 0|| zxx d |
| 040 |
|
|
|a SZTE Diploma Repozitórium
|b hun
|
| 041 |
|
|
|a zxx
|
| 100 |
1 |
|
|a Molnár Gábor
|
| 245 |
1 |
0 |
|a Kifejlett tehenek előkészítésének elemzése választott üzemben
|h [elektronikus dokumentum] /
|c Gábor Molnár
|
| 260 |
|
|
|c 1970
|
| 300 |
|
|
|a 25
|
| 650 |
|
4 |
|a Agrár
|
| 650 |
|
4 |
|a Agricultural sciences
|
| 650 |
|
4 |
|a Animal and Dairy science
|
| 695 |
|
|
|a Szarvasmarha-tenyésztés
|
| 700 |
1 |
|
|a nincs megadva
|e ths
|
| 856 |
4 |
0 |
|u http://diploma.bibl.u-szeged.hu/id/eprint/97683/1/xxxx_molnar_gabor.pdf
|z Dokumentum-elérés
|